ARRUPE JESUIT UNIVERSITY

CORONAVIRUS -STOP THE SPREAD - CLEAN,DISINFECT,COVER

Antiquities of the Mesa Verde: National Park (Record no. 123839)

MARC details
000 -LEADER
fixed length control field 00586nam a22001697a 4500
005 - DATE AND TIME OF LATEST TRANSACTION
control field 20151210110538.0
008 - FIXED-LENGTH DATA ELEMENTS--GENERAL INFORMATION
fixed length control field 151207b xxu||||| |||| 00| 0 eng d
050 ## - LIBRARY OF CONGRESS CALL NUMBER
Classification number E78.C6
Item number F402
100 ## - MAIN ENTRY--PERSONAL NAME
Personal name Fewkes, Jesse Walter
9 (RLIN) 21231
245 ## - TITLE STATEMENT
Title Antiquities of the Mesa Verde: National Park
Statement of responsibility, etc Jesse Walter Fewkes
260 ## - PUBLICATION, DISTRIBUTION, ETC. (IMPRINT)
Place of publication, distribution, etc Washington
Name of publisher, distributor, etc Government Printing Office
Date of publication, distribution, etc 1909
300 ## - PHYSICAL DESCRIPTION
Extent viii, 57p.;
Dimensions 24cm.
440 ## - SERIES STATEMENT/ADDED ENTRY--TITLE
Title Bureau of American Ethnology
Number of part/section of a work Bulletin 41
9 (RLIN) 21308
651 ## - SUBJECT ADDED ENTRY--GEOGRAPHIC NAME
Geographic name Mesa Verde National Park
9 (RLIN) 21232
651 ## - SUBJECT ADDED ENTRY--GEOGRAPHIC NAME
Geographic name Colorado
General subdivision Antiquities
9 (RLIN) 21233
942 ## - ADDED ENTRY ELEMENTS (KOHA)
Source of classification or shelving scheme Library of Congress Classification
Item type Monograph ( Printed materials)
Holdings
Withdrawn status Lost status Source of classification or shelving scheme Damaged status Not for loan Collection code Home library Current library Shelving location Date acquired Total Checkouts Full call number Barcode Date last seen Price effective from Koha item type
    Library of Congress Classification     Main Collection ARRUPE LIBRARY ARRUPE LIBRARY Main Collection 07/12/2015   E78.C6F402 46500005746 13/12/2017 07/12/2015 Monograph ( Printed materials)

 

Arrupe Library. PO Box MP320 Mt Pleasant, Harare, Zimbabwe
263 242 745411|librarian@aju.ac.zw